Insuficiencia respiratoria / (Record no. 149092)

MARC details
000 -LEADER
campo de control de longitud fija 00642nam a2200205 4500
001 - NÚMERO DE CONTROL
campo de control 149092
003 - IDENTIFICADOR DE NÚMERO DE CONTROL
campo de control ES-MaACL
005 - FECHA Y HORA DE LA ÚLTIMA TRANSACCIÓN
campo de control 20251126143558.0
007 - CAMPO FIJO DE DESCRIPCIÓN FÍSICA--INFORMACIÓN GENERAL
campo de control de longitud fija t|
008 - DATOS DE LONGITUD FIJA--INFORMACIÓN GENERAL
campo de control de longitud fija 070214s1970 sp r ||||1| spa d
100 1# - ENTRADA PRINCIPAL--NOMBRE DE PERSONA
Nombre de persona Sykes, M. K.
9 (RLIN) 108960
245 10 - MENCIÓN DEL TÍTULO
Título Insuficiencia respiratoria /
Mención de responsabilidad, etc. M. K. Sykes, E. J. M. Campbell, M. W. McNicol ; versión de P. Roca Amigo.
260 ## - PUBLICACIÓN, DISTRIBUCIÓN, ETC.
Lugar de publicación, distribución, etc. Barcelona :
Nombre del editor, distribuidor, etc. Toray,
Fecha de publicación, distribución, etc. 1970.
300 ## - DESCRIPCIÓN FÍSICA
Extensión XII, 367 p. :
Otras características físicas il. ;
Dimensiones 22 cm.
700 1# - ENTRADA AGREGADA--NOMBRE PERSONAL
Nombre de persona Campbell, E. J. M.
9 (RLIN) 34136
700 1# - ENTRADA AGREGADA--NOMBRE PERSONAL
Nombre de persona McNicol, M. W.
9 (RLIN) 79612
700 0# - ENTRADA AGREGADA--NOMBRE PERSONAL
Nombre de persona Roca Amigó, Pedro
9 (RLIN) 97984
852 ## - LOCALIZACIÓN
Ubicación ES-MaACL
Número de control de estantería C-38525
Sublocalización o colección R.75619
Holdings
Estatus retirado Estado de pérdida Estado de daño No para préstamo Biblioteca de origen Biblioteca actual Ubicación en estantería Fecha de adquisición Fuente de adquisición Total de préstamos Signatura topográfica completa Código de barras Visto por última vez Precio de reemplazo Tipo de ítem Koha
        Biblioteca del Ateneo de Madrid Biblioteca del Ateneo de Madrid Depósito 2 17/01/2008     C-38525 1155582 23/02/2023 23/02/2023 Libro impreso